000 00638nam a2200229 i 4500
001 25931
003 ES-MaACL
005 20250814083425.0
007 t|
008 030103s1986 fr ||||1| fre d
020 _a2-86642-046-3
100 1 _aArnaud, Philippe.
_923071
245 1 0 _aRobert Bressonn /
_cPhilippe Arnaud.
260 _aParís :
_bDiffusion Sevil,
_c1986.
300 _a191 p. :
_bil. ;
_c22 cm.
490 1 _aCahiers du cinéma. Collec. Auteurs
500 _aIndice.
504 _aBibliografía.
830 0 _aCahiers du cinéma
_9177465
852 _aES-MaACL
_jL-11673
_bR.113516
999 _c25931
_d25931